Efforts at Adaption by Hungarian Industrial Firms During the Transition Crisis (Record no. 2000)

MARC details
000 -LEADER
fixed length control field 00559nam a22002057i 4500
001 - CONTROL NUMBER
control field 2021
003 - CONTROL NUMBER IDENTIFIER
control field OSt
005 - DATE AND TIME OF LATEST TRANSACTION
control field 20170126082302.0
007 - PHYSICAL DESCRIPTION FIXED FIELD--GENERAL INFORMATION
fixed length control field tu
008 - FIXED-LENGTH DATA ELEMENTS--GENERAL INFORMATION
fixed length control field 161220s1994 xxu||||| |||| 00| 0 d
024 7# - OTHER STANDARD IDENTIFIER
Standard number or code 2020
Source of number or code RID
040 ## - CATALOGING SOURCE
Transcribing agency OSt
084 ## - OTHER CLASSIFICATION NUMBER
Classification number 15.24
Number source z
100 1# - MAIN ENTRY--PERSONAL NAME
Personal name Szanyi, Miklos
245 00 - TITLE STATEMENT
Title Efforts at Adaption by Hungarian Industrial Firms During the Transition Crisis
260 ## - PUBLICATION, DISTRIBUTION, ETC.
Place of publication, distribution, etc. Budapest :
Name of publisher, distributor, etc. Institute for World Economics, Hungarian Academy of Sciences,
Date of publication, distribution, etc. 1994.
300 ## - PHYSICAL DESCRIPTION
Extent 23 S. ;
Dimensions 30cm.
490 ## - SERIES STATEMENT
Series statement Working Papers
Volume/sequential designation 46
651 ## - SUBJECT ADDED ENTRY--GEOGRAPHIC NAME
Geographic name Hungary
942 ## - ADDED ENTRY ELEMENTS (KOHA)
Koha item type Book
Holdings
Withdrawn status Lost status Damaged status Not for loan Home library Current library Shelving location Date acquired Inventory number Total Checkouts Full call number Barcode Date last seen Price effective from Koha item type
        WIIW WIIW Library 03/07/1995 2021   II-5.450/46 302019 01/26/2017 01/26/2017 Book
The Vienna Instiute for International Economic Studies (wiiw)